| 000 | 00564nam a22002057a 4500 | ||
|---|---|---|---|
| 003 | OSt | ||
| 005 | 20140310182344.0 | ||
| 008 | 130927t xxu||||| |||| 00| 0 eng d | ||
| 020 | _a0590408887 | ||
| 050 |
_aTT 157 _b.Os81 1986 |
||
| 082 |
_aGS 613 _bOs1 1986 |
||
| 100 |
_aOsband, Gillian _921916 |
||
| 245 |
_aThe messy book of things to make and do / _cGillian Osband |
||
| 260 |
_aNew York : _bScholastic Inc, _cc1986. |
||
| 300 |
_a32 p. : _bill, ; _c26 cm. |
||
| 541 | _j1 | ||
| 562 | _e1 | ||
| 650 |
_aCleanliness _921917 |
||
| 942 |
_2lcc _cBK-GS |
||
| 999 |
_c12206 _d12206 |
||